Statistics for Countries With the Most Rhino’s

Click here to take the quiz!

General Stats

  • This quiz has been taken 23 times
  • The average score is 13 of 16

Answer Stats

# of rhinosCountry% Correct
600Kenya
100%
20Mozambique
100%
3,250Namibia
100%
80Tanzania
100%
19,400South Africa
95%
500Botswana
91%
17Zambia
91%
1,150Zimbabwe
91%
75Eswatini
86%
15Malawi
86%
35Uganda
86%
25Rwanda
82%
3,000India
68%
50Somalia
64%
150Indonesia
50%
760Nepal
32%

Score Distribution

Percentile by Number Answered

Percent of People with Each Score

Your Score History

You have not taken this quiz